000 00497nam a2200157 i 4500
001 67796
003 ES-MaACL
005 20230906170141.0
007 t|
008 040205s1912 ag ||||1| spa d
100 1 _aGallardo, Angel.
_953477
245 1 3 _aLa destrucción de la langosta por sus enemigos naturales /
_cAngel Gallardo.
260 _aBuenos Aires :
_bJuan A. Alsina,
_c1912.
650 4 _aLangostas (Insecto)-
_xControl.
_9155797
852 _aES-MaACL
_j1590-F-1
999 _c67796
_d67796